| 000 | 00741cab a2200241 4500 | ||
|---|---|---|---|
| 001 | ABS59364 | ||
| 008 | 090401t1998 xxu||||| |||| 00| 0 eng d | ||
| 035 | _a(Sirsi) u88652 | ||
| 041 | _aeng | ||
| 245 | _aFarm Development Review | ||
| 260 | _c1998 | ||
| 350 | _a0 | ||
| 490 |
_aFarm Development Review _v12(9) July 1998 (8) |
||
| 520 | _aEvaluates planning restrictions on farm businesses, corn mazes as farm attractions, increased countryside funding and an Organic Aid scheme which has recently received funding. | ||
| 650 | _aALTERNATIVE LAND USE | ||
| 650 | _aFARM BUSINESSES | ||
| 650 | _aFUNDING | ||
| 650 | _aORGANIC AID SCHEME | ||
| 650 | _aTOURISM | ||
| 690 | _aRURAL PRACTICE | ||
| 942 | _n0 | ||
| 948 | _c25/09/1998 | ||
| 999 |
_c56047 _d56047 |
||